| 000 | 00918nam a2200253Ia 4500 | ||
|---|---|---|---|
| 008 | 191130s2004##################000#0#eng## | ||
| 020 | _a9780774811200 | ||
| 040 |
_aACL _cACL |
||
| 082 | _a327.7105209043 MEE | ||
| 100 | _aMeehan, John D | ||
| 245 |
_aThe dominion and the rising sun: Canada encounters Japan, 1929-41 _cJohn D. Meehan, S.J |
||
| 260 |
_aVancouver _b[publisher not identified] _cc2004 |
||
| 300 | _axii, 250 p. : ill., maps, ports. ; 24 cm | ||
| 500 | _aIncludes index | ||
| 650 | _aCanada -- Foreign relations -- 1918-1945 | ||
| 650 | _aCanada -- Foreign relations -- Japan | ||
| 650 | _aCanada -- Relations extérieures -- 1918-1945 | ||
| 650 | _aCanada -- Relations extérieures -- Japon | ||
| 650 | _aJapan -- Foreign relations -- 1912-1945 | ||
| 650 | _aJapan -- Foreign relations -- Canada. | ||
| 990 | _affc25498ac10000c583d7f431eb0f95b | ||
| 991 | _a134118 | ||
| 999 |
_c425726 _d425726 |
||